000 00301nam a2200133Ia 4500
100 _aNetushil/A & Others
942 _cBK
654 _aAutomatic Control
245 _aTheory of Automatic Control
260 _bMir Publishers
_aMoscow
_c1973
082 _a629.8
300 _a808
546 _aENGLISH
999 _c21741
_d21741